| 000 | 00000nam##2200000za#4500 |
| 001 | 9.639860 |
| 003 | CaOODSP |
| 005 | 20220107134005 |
| 007 | cr ||||||||||| |
| 008 | 150407|1993||||xxc|||||o f|0| 0 fre|d |
| 040 | |aCaOODSP|bfre |
| 043 | |an-cn--- |
| 086 | 1 |aH72-21/89-1993F-PDF |
| 110 | 2 |aCentre national d'information sur la violence dans la famille (Canada) |
| 245 | 10|aApprendre à intervenir auprès des femmes violentées : |h[ressource électronique]|bsynthèse d'une recherche-action sur une expérience de formation féministe / |c[par] Ann Pâquet-Deehy, Maryse Rinfret-Raynor et Ginette Larouche ; et la collaboration de Marie-France Ouimet à l'écriture. |
| 260 | |aMontréal - Québec : |bSanté Canada. |c[c1992]. |
| 300 | |a30p.|bréférences |
| 500 | |aLe n° de catalogue (H72-21/89-1993) et l'ISBN (2-921041-11-1) de l'édition imprimée bilingue ont été incorrectement copiés dans l'édition électronique. |
| 590 | |a12-15-Supp|b2012-04-13 |
| 720 | 1 |aPâquet-Deehy, Ann |
| 720 | 1 |aRinfret-Raynor, Maryse |
| 720 | 1 |aLarouche, Ginette |
| 775 | 08|tTraining social workers in a feminist approach to conjugal violence : |w(CaOODSP)9.695737 |
| 776 | 0#|tTraining social workers in a feminist approach to conjugal violence: summary of an action research / |w(CaOODSP)9.653585 |
| 776 | 0#|tApprendre à intervenir auprès des femmes violentées: synthèse d'une recherche-action sur une expérience des formation féministe / |w(CaOODSP)9.653586 |
| 856 | 40|ahttp://publications.gc.ca|qPDF|s2.40 Mo|uhttps://publications.gc.ca/collections/Collection/H72-21-89-1993F.pdf |